000 00886cam a2200253u 4500
001 18184
003 BD-RjUL
005 20211209000240.0
008 140219r19581935enka 000 0 eng
035 _a(BD-RjUL)18242
040 _aDLC
_cCarP
_dDLC
_dBD-RjUL
_beng
041 _aeng
082 0 4 _220
_a821
_bWID 1958
100 1 _aWilkinson, William Alexander Chaplin,
_d1900- [from old catalog]
_955990
245 1 4 _aThe Dragon book of verse /
_cComplied by W. A. G. Wilkison and N. H. Wilkinson.
_nBook 1
260 _aOxford :
_bThe Clarendon press,
_c1935 [Reprinted 1958].
300 _aviii, 160 p. :
_billus. ;
_c19 cm.
650 0 _aChildren's poetry. [from old catalog]
_955991
650 0 _aEnglish poetry.
_955992
700 1 _aWilkinson, Noël Hawtrey,
_d1908- [from old catalog]
_ejoint comp.
_955993
942 _2ddc
_cBK
999 _c18184
_d18184